An orange for Frankie / (Record no. 8473)

MARC details
000 -LEADER
fixed length control field 00864nam a22002657a 4500
001 - CONTROL NUMBER
control field 8473
003 - CONTROL NUMBER IDENTIFIER
control field FISKH
005 - DATE AND TIME OF LATEST TRANSACTION
control field 20250915114733.0
008 - FIXED-LENGTH DATA ELEMENTS--GENERAL INFORMATION
fixed length control field 250915b cb ||||| |||| 00| 0 eng d
020 ## - INTERNATIONAL STANDARD BOOK NUMBER
International Standard Book Number 9780439823210
040 ## - CATALOGING SOURCE
Original cataloging agency FISKH
Language of cataloging eng
Transcribing agency FISKH
Modifying agency FISKH
050 ## - LIBRARY OF CONGRESS CALL NUMBER
Classification number PZ7.P75186 O
082 ## - DEWEY DECIMAL CLASSIFICATION NUMBER
Classification number 394.266
100 ## - MAIN ENTRY--PERSONAL NAME
Personal name Polacco, Patricia
245 ## - TITLE STATEMENT
Title An orange for Frankie /
Statement of responsibility, etc. By Patricia Polacco
250 ## - EDITION STATEMENT
Edition statement First Scholastic printing , November 2005
260 ## - PUBLICATION, DISTRIBUTION, ETC.
Place of publication, distribution, etc. New York :
Name of publisher, distributor, etc. Scholastic ,
Date of publication, distribution, etc. 2004.
300 ## - PHYSICAL DESCRIPTION
Extent 48 unnumbered pages :
Other physical details color illustrations ;
Dimensions 25 cm .
505 ## - FORMATTED CONTENTS NOTE
Formatted contents note R <br/>
520 ## - SUMMARY, ETC.
Summary, etc. Frankie and his eight brothers and sisters learn lessons about giving, family, and tradition during a snowy Michigan Christmas long ago.
521 8# - TARGET AUDIENCE NOTE
Target audience note 780 <br/>
Source Lexile AD <br/>
521 8# - TARGET AUDIENCE NOTE
Target audience note R <br/>
Source Raz-Plus <br/>
942 ## - ADDED ENTRY ELEMENTS (KOHA)
Source of classification or shelving scheme Dewey Decimal Classification
Koha item type Books
Suppress in OPAC No
Holdings
Withdrawn status Lost status Source of classification or shelving scheme Damaged status Not for loan Home library Current library Shelving location Date acquired Total Checkouts Full call number Barcode Date last seen Price effective from Koha item type
    Dewey Decimal Classification     Footprints International School Library Network Toul Tom Poung Campus Footprints International School Library Network Toul Tom Poung Campus TTP Primary Orange Bookshelves 09/15/2025   POL 394.266 PZ7.P75186 O FIS01780 09/15/2025 09/15/2025 Books